000 00682nam a2200241Ia 4500
003 OSt
005 20220918202638.0
006 a|||||r|||| 00| 0
007 ta
008 220917b |||||||| |||| 00| 0 eng d
024 _a102,745
037 _cTextual
040 _aARTS
_cARTS
_beng
041 _2eng
_aeng
082 _aHV2,4M85.N42-N29, L6
100 _aTomlingson B R
_9104717
245 0 _aIndian National Congress and the Raj 1929-1942
_b the penultimate phase
260 _aLondon
_bMacMillan
_c1976
300 _a208p.
_ccm.
650 _aHISTORY
942 _hHV2,4M85.N42-N29, L6
_cTEXL
_2CC
999 _c226194
_d226194